| Tag |
First Indicator |
Second Indicator |
Subfields |
| LEADER |
00000cam a2200000Ia 4500 |
| 001 |
in00002585921 |
| 005 |
20151201153212.0 |
| 008 |
090819s2009 cm b 000 0 eng d |
| 020 |
|
|
|a 9789956558575
|
| 020 |
|
|
|a 9956558575
|
| 029 |
1 |
|
|a HEBIS
|b 217749429
|
| 035 |
|
|
|a (OCoLC)ocn432982058
|
| 035 |
|
|
|a (OCoLC)432982058
|
| 040 |
|
|
|a BTCTA
|c BTCTA
|d NUI
|d YDXCP
|d UtOrBLW
|
| 049 |
|
|
|a TXAM
|
| 090 |
|
|
|a JQ1875
|b .M46 2009
|
| 100 |
1 |
|
|a Mentan, Tatah,
|d 1948-
|
| 245 |
1 |
0 |
|a Democratizing or reconfiguring predatory autocracy? :
|b myths and realities in Africa today /
|c Tatah Mentan.
|
| 264 |
|
1 |
|a Mankon, Bamenda :
|b Langaa Rpcig ;
|c [2009]
|
| 264 |
|
2 |
|a East Lansing, Mich. :
|b Distributed in N. America by Michigan State University Press,
|
| 264 |
|
4 |
|c ©2009
|
| 300 |
|
|
|a ix, 78 pages ;
|c 22 cm.
|
| 336 |
|
|
|a text
|b txt
|2 rdacontent
|
| 337 |
|
|
|a unmediated
|b n
|2 rdamedia
|
| 338 |
|
|
|a volume
|b nc
|2 rdacarrier
|
| 504 |
|
|
|a Includes bibliographical references (pages [75]-78).
|
| 651 |
|
0 |
|a Africa
|x Politics and government
|y 1960-
|
| 651 |
|
0 |
|a Africa
|x Social conditions
|y 1960-
|
| 650 |
|
0 |
|a Democracy
|z Africa
|y 20th century.
|
| 651 |
|
0 |
|a Africa
|x History
|y 1960-
|
| 938 |
|
|
|a Baker and Taylor
|b BTCP
|n BK0008533616
|
| 938 |
|
|
|a YBP Library Services
|b YANK
|n 3088573
|
| 945 |
|
|
|a PromptCat
|b 36952
|
| 946 |
|
|
|a stk
|
| 947 |
|
|
|a A14840205142
|
| 994 |
|
|
|a 92
|b TXA
|
| 948 |
|
|
|a Cataloged
|b h
|c 2010/7/29
|d c
|e ibarton
|
| 999 |
|
|
|a MARS
|
| 999 |
f |
f |
|s 25627c3f-431e-393b-8b7b-33fdac9ad9c5
|i 802a4e5d-60e6-3afe-a1c4-59e2b5692ea7
|t 0
|
| 952 |
f |
f |
|p ric
|a Texas A&M University
|b Rellis Campus
|c Joint Library Facility
|d Remote Storage
|t 0
|e JQ1875 .M46 2009
|h Library of Congress classification
|i unmediated -- volume
|m A14840205142
|
| 998 |
f |
f |
|a JQ1875 .M46 2009
|t 0
|l Remote Storage
|